Anglicko-slovenský slovník = English Slovak Dictionary /
Gespeichert in:
| 1. Verfasser: | |
|---|---|
| Format: | Buch |
| Sprache: | Mehrsprachig |
| Veröffentlicht: |
ČSFR :
RESS spol. s r.o,
1991
|
| Ausgabe: | 4.vyd. |
| Schlagworte: | |
| Tags: |
Keine Tags, Fügen Sie das erste Tag hinzu!
|
MARC
| LEADER | 00000nam a22000003a 4500 | ||
|---|---|---|---|
| 001 | stu42907 | ||
| 005 | 20150617225720.4 | ||
| 008 | 940525s1991----cs------------------mul-d | ||
| 020 | |a 80-900559-0-7 | ||
| 040 | |a STU |b slo | ||
| 041 | 0 | |a mul | |
| 044 | |a cs | ||
| 080 | |a 801.323.2=20=854 | ||
| 100 | 1 | |a Šimko, Ján |4 aut | |
| 245 | 1 | |a Anglicko-slovenský slovník = English Slovak Dictionary / |c [aut.]Ján Šimko | |
| 250 | |a 4.vyd. | ||
| 260 | |a ČSFR : |b RESS spol. s r.o, |c 1991 | ||
| 300 | |a 1443 s | ||
| 650 | 7 | |a Slovníky anglicko slovenské |2 stusub | |
| 996 | |b 284M051264 |c M*7861-1 |l MMKN |s A |a 24 |w stu42907_0001 | ||
| 996 | |b 284M021722 |c M*7861-3 |l MMKN |s A |a 24 |w stu42907_0002 | ||
| 996 | |b 284M017768 |c M*7861-5 |l MMKN |s A |a 24 |w stu42907_0003 | ||
| 996 | |b 284M021015 |c M*7861-4 |l MMKN |s A |a 24 |w stu42907_0004 | ||
| 996 | |b 284M021014 |c M*7861-2 |l MMKN |s A |a 24 |w stu42907_0005 | ||